| 000 | 01003nam a2200253 4500 | ||
|---|---|---|---|
| 999 |
_c83048 _d320325 |
||
| 001 | |||
| 003 | OSt | ||
| 005 | 20220925104105.0 | ||
| 008 | 150326s2015 jo f 000 0 ara c | ||
| 020 | _a9789957586249 | ||
| 040 |
_aMA-UN _b _cMA-UN |
||
| 082 | 0 | 4 |
_221 _a371.95 _bق م م |
| 100 | 1 |
_aالقمش، مصطفى نوري _9103723 |
|
| 245 | 1 | 0 |
_aمناهج وأساليب تعليم الموهوبين : _bالبرامج التربوية للموهوبين / _cتأليف مصطفى نوري القمش، فؤاد عيد الجوالده. |
| 250 | _aط. 1. | ||
| 260 |
_aعمان، الأردن : _bدار الإعصار العلمي للنشر والتوزيع، _c2015 _m[1436] |
||
| 300 |
_a380 ص. ؛ _c24 سم. |
||
| 504 | _aيشتمل على قائمة ببليوجرافية. | ||
| 650 | 7 |
_aالطلبة الموهوبون _xتعليم _9103724 |
|
| 650 | 7 |
_aالمناهج _xتخطيط _9103725 |
|
| 700 | 1 |
_aالجوالدة، فؤاد عيد _912475 |
|
| 942 |
_2ddc _cBOOK |
||
| 535 | 2 | _a3 | |